[Event "XXXIII Festival A"]
[Site "Arco ITA"]
[Date "2011.10.25"]
[Round "4"]
[White "Iacchetti, Giovanni"]
[Black "Joerges, Frank"]
[Result "1/2-1/2"]
[WhiteElo "1814"]
[BlackElo "1923"]
[PlyCount "34"]
[EventDate "2011.10.22"]

1. c4 Nf6 2. Nf3 e6 3. e3 d5 4. b3 Be7 5. Bb2 c5 6. g3 Nc6 7. Bg2 O-O 8. O-O b6
9. Nc3 Bb7 10. d3 dxc4 11. dxc4 Qxd1 12. Raxd1 Rad8 13. Ne5 Nxe5 14. Bxb7 Ng6
15. Ba1 h5 16. Ne2 h4 17. Bg2 Rxd1 1/2-1/2

[Event "XXXIII Festival A"]
[Site "Arco ITA"]
[Date "2011.10.25"]
[Round "4"]
[White "Kasparov, Sergey"]
[Black "Trauth, Michael"]
[Result "1-0"]
[WhiteElo "2521"]
[BlackElo "2185"]
[PlyCount "75"]
[EventDate "2011.10.22"]

1. d4 Nf6 2. c4 c5 3. d5 b5 4. cxb5 a6 5. bxa6 g6 6. Nc3 Bxa6 7. Nf3 d6 8. g3
Nbd7 9. Bg2 Bg7 10. Rb1 Qa5 11. Bd2 O-O 12. O-O Qc7 13. b3 Nb6 14. Bc1 Bb7 15.
e4 Ng4 16. Bb2 Ba6 17. Re1 Nd7 18. Ba1 Rfb8 19. a4 Qa5 20. Na2 Bxa1 21. Rxa1
Nge5 22. Nxe5 Nxe5 23. Re3 Bc8 24. h3 c4 25. Nc1 cxb3 26. Nxb3 Qb4 27. Nd4 Bd7
28. a5 Rc8 29. a6 Rc3 30. Qe1 Rc4 31. Nf3 Qxe1+ 32. Rexe1 Nd3 33. Reb1 Rb4 34.
Rxb4 Nxb4 35. a7 Bc8 36. Bf1 Na6 37. Nd4 Nc5 38. Nb5 1-0

[Event "XXXIII Festival A"]
[Site "Arco ITA"]
[Date "2011.10.25"]
[Round "4"]
[White "Kern, Beat"]
[Black "Borries, Barbara"]
[Result "1/2-1/2"]
[WhiteElo "1691"]
[BlackElo "1901"]
[PlyCount "78"]
[EventDate "2011.10.22"]

1. d4 Nf6 2. c4 e6 3. Nc3 c5 4. d5 exd5 5. cxd5 d6 6. e4 a6 7. a4 Be7 8. Bd3
O-O 9. Nge2 Re8 10. O-O Nbd7 11. f4 Qc7 12. b3 Rb8 13. Ng3 Nf8 14. Qc2 Bd7 15.
Kh1 Ng6 16. e5 dxe5 17. Bxg6 hxg6 18. fxe5 Nxd5 19. Nxd5 Qxe5 20. Nxe7+ Qxe7
21. Bb2 Bc6 22. Qc3 f6 23. Rae1 Qd6 24. Rxe8+ Rxe8 25. Re1 Rxe1+ 26. Qxe1 Qd5
27. Qe2 Qxb3 28. a5 Bb5 29. Qd2 Bd3 30. Ne2 Bxe2 31. Qxe2 Qa2 32. Qd2 Qb3 33.
h3 b5 34. axb6 Qxb6 35. Bc3 Qb1+ 36. Kh2 Qb8+ 37. Kh1 Qb1+ 38. Kh2 Qb8+ 39. Kh1
Qb1+ 1/2-1/2

[Event "XXXIII Festival A"]
[Site "Arco ITA"]
[Date "2011.10.25"]
[Round "4"]
[White "Kierzek, Matthias"]
[Black "Ebeling, Jens"]
[Result "1-0"]
[WhiteElo "2152"]
[BlackElo "2019"]
[PlyCount "51"]
[EventDate "2011.10.22"]

1. d4 Nf6 2. c4 g6 3. Nc3 Bg7 4. e4 d6 5. Be2 O-O 6. Bg5 Nbd7 7. Qd2 c5 8. d5
b5 9. cxb5 a6 10. Nf3 axb5 11. Bxb5 Qa5 12. O-O Rb8 13. a4 Qb4 14. Rfe1 Ne5 15.
Nxe5 dxe5 16. Rad1 Rb6 17. Qc1 Ba6 18. Na2 Qb3 19. Rd3 Qxa2 20. Ra3 Qxa3 21.
bxa3 Bxb5 22. Bxf6 Bd3 23. Bxg7 Kxg7 24. Qxc5 Rfb8 25. f4 exf4 26. Qd4+ 1-0

[Event "XXXIII Festival A"]
[Site "Arco ITA"]
[Date "2011.10.25"]
[Round "4"]
[White "La Manna, Andrea"]
[Black "Kierzek, Mira"]
[Result "1-0"]
[WhiteElo "2189"]
[BlackElo "2023"]
[PlyCount "119"]
[EventDate "2011.10.22"]

1. d4 Nf6 2. c4 e6 3. Nc3 d5 4. cxd5 exd5 5. Bg5 Be7 6. e3 O-O 7. Bd3 h6 8. Bh4
c6 9. Qc2 Be6 10. Nge2 Nh5 11. Bxe7 Qxe7 12. h3 a5 13. O-O-O Na6 14. Bxa6 Rxa6
15. g4 Nf6 16. Kb1 b5 17. Rdg1 Ne4 18. Nxe4 dxe4 19. Qc5 Qxc5 20. dxc5 Ra7 21.
Nd4 Bd5 22. Rd1 Rd7 23. Nf5 Re8 24. Rd4 Re5 25. Rhd1 Rc7 26. Ng3 Rce7 27. Nf5
Rc7 28. Nd6 g6 29. Ka1 Kg7 30. a3 a4 31. Kb1 Kf8 32. Rc1 Kg7 33. Kc2 Rce7 34.
Kc3 Bb3 35. Kb4 f5 36. gxf5 gxf5 37. Ka5 Kf6 38. Kb6 Bd5 39. Rcd1 Rd7 40. Rg1
Ree7 41. Rxd5 cxd5 42. Nxb5 Rb7+ 43. Ka6 Rb8 44. c6 Ra8+ 45. Kb6 Re6 46. Kb7
Ra5 47. Nc7 Re7 48. Kb6 Rxc7 49. Kxc7 Rc5 50. Kd7 d4 51. exd4 Rd5+ 52. Ke8 Rxd4
53. Rc1 Rd2 54. c7 Rxf2 55. c8=Q Rf3 56. Qd8+ Ke5 57. Qc7+ Kf6 58. Qe7+ Kg6 59.
Rg1+ Kh5 60. Qf7+ 1-0

[Event "XXXIII Festival A"]
[Site "Arco ITA"]
[Date "2011.10.25"]
[Round "4"]
[White "Loi, Andrea"]
[Black "Bozzao, Francesco"]
[Result "1-0"]
[WhiteElo "1993"]
[BlackElo "1830"]
[PlyCount "74"]
[EventDate "2011.10.22"]

1. d4 Nf6 2. c4 e6 3. Nc3 Bb4 4. a3 Bxc3+ 5. bxc3 O-O 6. f3 d5 7. cxd5 exd5 8.
e3 c5 9. Bd3 b6 10. Ne2 c4 11. Bb1 Re8 12. O-O Nbd7 13. Ng3 Bb7 14. Ra2 Nf8 15.
Re2 Qd7 16. e4 dxe4 17. fxe4 Ng6 18. Bg5 Re6 19. Bxf6 Rxf6 20. Rxf6 gxf6 21.
Nh5 Qd6 22. Qc1 Kh8 23. Rf2 Re8 24. Nxf6 Re6 25. e5 Qf8 26. Rf5 Qg7 27. Rh5
Rxf6 28. exf6 Qxf6 29. Qh6 Qg7 30. Qxg7+ Kxg7 31. Bxg6 hxg6 32. Re5 Kf6 33. g3
Bc6 34. Kf2 Ba4 35. h4 Bc6 36. Ke3 a6 37. Kf4 b5 1-0

[Event "XXXIII Festival A"]
[Site "Arco ITA"]
[Date "2011.10.25"]
[Round "4"]
[White "Londers, Jan"]
[Black "Nicolodi, Raoul"]
[Result "1-0"]
[WhiteElo "1891"]
[BlackElo "1983"]
[PlyCount "33"]
[EventDate "2011.10.22"]

1. e4 e6 2. Nf3 d5 3. Nc3 d4 4. Ne2 c5 5. Ng3 Nc6 6. Bc4 Nf6 7. d3 a6 8. a4 Bd6
9. Qe2 Bc7 10. O-O Rb8 11. Ng5 b5 12. axb5 axb5 13. Ba2 O-O 14. f4 Ra8 15. e5
Nb4 16. exf6 Qxf6 17. Qe4 1-0

[Event "XXXIII Festival A"]
[Site "Arco ITA"]
[Date "2011.10.25"]
[Round "4"]
[White "Lupini, Stefano"]
[Black "Valenti, Giuseppe"]
[Result "1/2-1/2"]
[WhiteElo "1921"]
[BlackElo "2136"]
[PlyCount "49"]
[EventDate "2011.10.22"]

1. d4 Nf6 2. c4 e6 3. Nc3 c5 4. d5 exd5 5. cxd5 d6 6. e4 g6 7. h3 Bg7 8. Nf3
O-O 9. Bd3 Re8 10. O-O a6 11. a4 Qc7 12. Be3 Nbd7 13. Nd2 Rb8 14. f4 Nf8 15.
Qf3 Bd7 16. e5 dxe5 17. fxe5 Qxe5 18. Nc4 Qh5 19. Bxc5 b5 20. axb5 axb5 21.
Qxh5 gxh5 22. Nd6 b4 23. Nxe8 Bxe8 24. Ne4 Nxd5 25. Rab1 1/2-1/2

[Event "XXXIII Festival A"]
[Site "Arco ITA"]
[Date "2011.10.25"]
[Round "4"]
[White "Maddaloni, Giovanni"]
[Black "Helbig, Dieter"]
[Result "1/2-1/2"]
[WhiteElo "1774"]
[BlackElo "1877"]
[PlyCount "112"]
[EventDate "2011.10.22"]

1. e4 c5 2. Nf3 Nc6 3. d3 g6 4. g3 Bg7 5. Bg2 d6 6. O-O Nf6 7. Qe2 O-O 8. c3
Re8 9. Re1 Ng4 10. h3 Nge5 11. c4 Nxf3+ 12. Qxf3 Nd4 13. Qd1 Rb8 14. Nc3 a6 15.
a4 b5 16. axb5 axb5 17. cxb5 Nxb5 18. Bd2 Nd4 19. Rb1 Bd7 20. b3 Qc8 21. Nd5 e6
22. Ne3 Nb5 23. Nc4 h6 24. h4 Kh7 25. h5 e5 26. Ra1 Bg4 27. Bf3 Bxf3 28. Qxf3
Qe6 29. Ra6 Red8 30. Rea1 Nd4 31. Qd1 Rxb3 32. Be3 Bf8 33. Bxd4 Rxd3 34. hxg6+
Kxg6 35. Qxd3 cxd4 36. Kg2 Rc8 37. R1a4 Kg7 38. Nb6 Rc3 39. Qe2 f5 40. Ra7+ Kg8
41. Nd5 Rc5 42. R4a5 Rc8 43. Qa2 Kh8 44. Ra8 fxe4 45. Rxc8 Qxc8 46. Ra8 Qf5 47.
Ra3 d3 48. Ne3 Qf3+ 49. Kg1 d5 50. Qxd5 Bxa3 51. Qxe5+ Kg8 52. Qe6+ Kh7 53.
Qd7+ Kg8 54. Qe8+ Bf8 55. Qg6+ Kh8 56. Qe6 Kh7 1/2-1/2

[Event "XXXIII Festival A"]
[Site "Arco ITA"]
[Date "2011.10.25"]
[Round "4"]
[White "Mastroddi, Emiliano"]
[Black "Di Lazzaro, Gabriele"]
[Result "1-0"]
[WhiteElo "2097"]
[BlackElo "1890"]
[PlyCount "71"]
[EventDate "2011.10.22"]

1. c4 e5 2. g3 Nf6 3. Bg2 Bc5 4. Nc3 O-O 5. e3 Nc6 6. Nge2 Re8 7. d3 a6 8. a3
d6 9. b4 Ba7 10. O-O Ne7 11. Nd5 Nfxd5 12. cxd5 Bd7 13. Nc3 c6 14. Qb3 cxd5 15.
Nxd5 Be6 16. Bb2 Nxd5 17. Bxd5 Bxd5 18. Qxd5 Qe7 19. Rac1 Rec8 20. Rc4 Rxc4 21.
dxc4 Rc8 22. Rd1 Bb8 23. a4 h6 24. Ba3 Qc7 25. b5 Qxc4 26. Qxb7 Rd8 27. bxa6
Qxa4 28. Ra1 Qd7 29. Rb1 Ba7 30. Qd5 Qe6 31. Qxe6 fxe6 32. Rb7 Ra8 33. Bxd6 e4
34. Be5 g5 35. Rg7+ Kf8 36. Rh7 1-0

[Event "XXXIII Festival A"]
[Site "Arco ITA"]
[Date "2011.10.25"]
[Round "4"]
[White "Medancic, Rikard"]
[Black "Hilbenz, Guntram"]
[Result "1-0"]
[WhiteElo "2266"]
[BlackElo "1924"]
[PlyCount "53"]
[EventDate "2011.10.22"]

1. c4 d6 2. Nc3 e5 3. g3 Nf6 4. Bg2 Be7 5. e3 O-O 6. Nge2 c6 7. O-O Nbd7 8. d4
Qc7 9. b3 Re8 10. Bb2 Bf8 11. Rc1 exd4 12. exd4 g6 13. Qd2 Bg7 14. h3 Nb6 15.
Rfe1 Bd7 16. g4 Rad8 17. Ng3 h6 18. Qf4 Rxe1+ 19. Rxe1 g5 20. Qc1 Re8 21. Rxe8+
Nxe8 22. d5 c5 23. Nce4 Nc8 24. Bxg7 Kxg7 25. Qc3+ Kh7 26. Nf6+ Kg6 27. Be4+
1-0

[Event "XXXIII Festival A"]
[Site "Arco ITA"]
[Date "2011.10.25"]
[Round "4"]
[White "Mercandelli, Claudio"]
[Black "Eschweiler, Markus"]
[Result "1-0"]
[WhiteElo "1907"]
[BlackElo "1548"]
[PlyCount "69"]
[EventDate "2011.10.22"]

1. Nf3 g6 2. c4 Bg7 3. g3 Nf6 4. Bg2 O-O 5. O-O c6 6. d4 d5 7. cxd5 cxd5 8. Nc3
Nc6 9. Ne5 e6 10. Nxc6 bxc6 11. Na4 Nd7 12. Be3 Bb7 13. Rc1 Rc8 14. Qd2 Nb6 15.
Nc5 Qe7 16. b3 Ra8 17. Qa5 Rfc8 18. Rc2 Qc7 19. Rfc1 Bf8 20. Bf4 Qe7 21. Bd6
Qxd6 22. Nxb7 Qd7 23. Nc5 Bxc5 24. dxc5 Qc7 25. cxb6 axb6 26. Qd2 c5 27. b4 c4
28. e4 b5 29. exd5 exd5 30. Qxd5 Qb8 31. Qxa8 Qxa8 32. Bxa8 Rxa8 33. Rd1 Ra7
34. Rd8+ Kg7 35. Rb8 1-0

[Event "XXXIII Festival A"]
[Site "Arco ITA"]
[Date "2011.10.25"]
[Round "4"]
[White "Milazzo, Mario"]
[Black "Lezzerini, Marco"]
[Result "1-0"]
[WhiteElo "2077"]
[BlackElo "1797"]
[PlyCount "108"]
[EventDate "2011.10.22"]

1. c4 e5 2. Nc3 d6 3. g3 f5 4. Bg2 Nf6 5. d3 Be7 6. e4 c6 7. Nge2 O-O 8. O-O
Na6 9. h3 Qe8 10. f4 Qg6 11. Kh2 Bd7 12. Be3 Qh6 13. Bd2 Qh5 14. Bf3 Qg6 15.
Qc2 Rae8 16. a3 Bd8 17. Rae1 Bb6 18. b4 Nh5 19. exf5 Qxf5 20. g4 Qf6 21. Ne4
Qh4 22. f5 d5 23. Bg5 Qxe1 24. Rxe1 dxe4 25. Bxe4 Nf6 26. c5 Bd8 27. Qc4+ Kh8
28. Be3 Nc7 29. Nc3 Ng8 30. Qa2 Be7 31. Qg2 Ra8 32. b5 cxb5 33. Bxb7 Rad8 34.
c6 Be8 35. Rd1 Bxa3 36. Bxa7 b4 37. Bc5 bxc3 38. Bxa3 Rf7 39. Bb4 Nd5 40. Ba5
Rd6 41. c7 Nxc7 42. Bxc3 Nf6 43. Bxe5 Rdd7 44. d4 Nfd5 45. Re1 Rfe7 46. Rc1 Kg8
47. Qa2 Kf8 48. Bc6 Rd8 49. Qa3 Bxc6 50. Rxc6 Kf7 51. Qc5 Rdd7 52. Qc4 Ke8 53.
h4 Kd8 54. g5 Ke8 1-0

[Event "XXXIII Festival A"]
[Site "Arco ITA"]
[Date "2011.10.25"]
[Round "4"]
[White "Molina, Fabrizio"]
[Black "Battistella, Stefano"]
[Result "1/2-1/2"]
[WhiteElo "2258"]
[BlackElo "2081"]
[PlyCount "109"]
[EventDate "2011.10.22"]

1. c4 e6 2. g3 Nf6 3. Bg2 a6 4. b3 d5 5. Bb2 c5 6. Nf3 Nc6 7. O-O Be7 8. e3 O-O
9. Qe2 Re8 10. d3 b5 11. Rd1 Qc7 12. Nc3 dxc4 13. dxc4 b4 14. Na4 Bb7 15. Ng5
Na5 16. Qc2 h6 17. Ne4 Nh7 18. f4 f6 19. Rd2 Rad8 20. Rad1 Rxd2 21. Rxd2 Nf8
22. Qd1 Bc6 23. Qc2 Nb7 24. g4 Rd8 25. Rxd8 Nxd8 26. h4 Nf7 27. Ng3 Bxa4 28.
bxa4 Qd7 29. Nh5 e5 30. f5 a5 31. Bd5 Bd6 32. Qd1 Bc7 33. Ng3 Kh8 34. Ne4 Bb6
35. g5 Qxf5 36. Bxf7 Qxe4 37. Qd6 Qxe3+ 38. Kf1 Qf4+ 39. Ke2 Qg4+ 40. Kd2 Qd7
41. Qxd7 Nxd7 42. Ke3 hxg5 43. hxg5 Bc7 44. Ke4 Nb6 45. Kf5 Nxa4 46. Bc1 fxg5
47. Bxg5 Nc3 48. Be7 Nxa2 49. Kg6 e4 50. Bxc5 Be5 51. Be3 Nc3 52. c5 Nd1 53.
Kf5 Bc7 54. Bd4 Kh7 55. Kxe4 1/2-1/2

[Event "XXXIII Festival A"]
[Site "Arco ITA"]
[Date "2011.10.25"]
[Round "4"]
[White "Mombelli, Antonio"]
[Black "De Simone Sorrentino, Fabio"]
[Result "1/2-1/2"]
[WhiteElo "1836"]
[BlackElo "1705"]
[PlyCount "62"]
[EventDate "2011.10.22"]

1. e4 e6 2. d4 d5 3. e5 c5 4. c3 Qb6 5. Nf3 Nc6 6. a3 c4 7. Be2 Na5 8. Nbd2 Bd7
9. Rb1 Bb5 10. O-O Qc6 11. b3 Nxb3 12. Nxb3 Ba4 13. Nfd2 cxb3 14. Bb2 g6 15. c4
Ne7 16. Rc1 Qd7 17. h4 Nf5 18. Qe1 Nxh4 19. cxd5 Qxd5 20. f3 Nf5 21. Bc4 Qd7
22. Nxb3 b5 23. Qe4 Rc8 24. Bxe6 fxe6 25. Rxc8+ Qxc8 26. Rc1 Qd8 27. Qc6+ Kf7
28. Qb7+ Kg8 29. Nd2 Qg5 30. Ne4 Qe3+ 31. Kh2 Qh6+ 1/2-1/2

[Event "XXXIII Festival A"]
[Site "Arco ITA"]
[Date "2011.10.25"]
[Round "4"]
[White "Negro, Raffaele"]
[Black "Knors, Rudi"]
[Result "0-1"]
[WhiteElo "1915"]
[BlackElo "2125"]
[PlyCount "50"]
[EventDate "2011.10.22"]

1. d4 d5 2. Nf3 Nf6 3. e3 c6 4. c4 a6 5. Nbd2 b5 6. b3 Bg4 7. h3 Bf5 8. Ne5
Nfd7 9. g4 Bg6 10. f4 Nxe5 11. dxe5 e6 12. h4 h5 13. g5 Bb4 14. Bb2 bxc4 15.
bxc4 Nd7 16. a3 Ba5 17. cxd5 cxd5 18. Qa4 O-O 19. Rc1 Bb6 20. Bd4 Rc8 21. Rxc8
Qxc8 22. Bxa6 Qc1+ 23. Qd1 Qxa3 24. Bxb6 Nxb6 25. Qe2 Qa1+ 0-1

[Event "XXXIII Festival A"]
[Site "Arco ITA"]
[Date "2011.10.25"]
[Round "4"]
[White "Panjkovic, Aleksandar"]
[Black "Qendro, Llambi"]
[Result "1/2-1/2"]
[WhiteElo "2187"]
[BlackElo "2342"]
[PlyCount "29"]
[EventDate "2011.10.22"]

1. c4 g6 2. g3 Bg7 3. Bg2 e5 4. Nc3 Nc6 5. e4 d6 6. Nge2 Nge7 7. O-O O-O 8. d3
Bg4 9. f3 Be6 10. Nd5 Qd7 11. Be3 Nd4 12. Bxd4 exd4 13. Ndf4 c5 14. Nxe6 fxe6
15. Bh3 1/2-1/2

[Event "XXXIII Festival A"]
[Site "Arco ITA"]
[Date "2011.10.25"]
[Round "4"]
[White "Pedrotti, Luciano"]
[Black "Billio, Atto"]
[Result "0-1"]
[WhiteElo "1801"]
[BlackElo "2071"]
[PlyCount "78"]
[EventDate "2011.10.22"]

1. e4 c5 2. Nf3 e6 3. d4 cxd4 4. Nxd4 a6 5. Be2 Nf6 6. Nc3 Qc7 7. O-O d6 8. Bf3
Nbd7 9. Nde2 Ne5 10. Ng3 Nxf3+ 11. Qxf3 Be7 12. Nh5 Nxh5 13. Qxh5 b5 14. a3 O-O
15. Qe2 Bb7 16. Bf4 Rac8 17. Rac1 Qc4 18. Qd3 d5 19. Qxc4 Rxc4 20. Bd2 d4 21.
Ne2 Bxe4 22. c3 d3 23. Ng3 Bg6 24. Rfe1 Rb8 25. Nf1 Rc6 26. Ne3 Rd8 27. Ng4 f6
28. Ne3 e5 29. c4 bxc4 30. Rxc4 Rxc4 31. Nxc4 Rc8 32. Rc1 Bf7 33. Nb6 Rc2 34.
Rxc2 dxc2 35. Na4 Bc4 36. b4 f5 37. f3 h6 38. Kf2 Bg5 39. Ke1 c1=Q+ 0-1

[Event "XXXIII Festival A"]
[Site "Arco ITA"]
[Date "2011.10.25"]
[Round "4"]
[White "Pipitone, Antonio"]
[Black "Vezzosi, Paolo"]
[Result "0-1"]
[WhiteElo "1971"]
[BlackElo "2351"]
[PlyCount "56"]
[EventDate "2011.10.22"]

1. e4 c5 2. Nf3 Nc6 3. d4 cxd4 4. Nxd4 Qb6 5. Nb5 Nf6 6. Be3 Qd8 7. N1c3 a6 8.
Na3 b5 9. Nd5 Rb8 10. f3 e6 11. Nxf6+ Qxf6 12. Qc1 Be7 13. Nb1 Bb7 14. Nd2 d5
15. exd5 exd5 16. Be2 Rc8 17. c3 d4 18. Ne4 Qg6 19. Bf2 O-O 20. O-O Rfe8 21.
Rd1 dxc3 22. Nxc3 Ne5 23. Qf4 Bd6 24. Ne4 Nxf3+ 25. Qxf3 Bxe4 26. Rxd6 Qxd6 27.
Qg4 Rc2 28. Rd1 Qg6 0-1

[Event "XXXIII Festival A"]
[Site "Arco ITA"]
[Date "2011.10.25"]
[Round "4"]
[White "Pistone, Salvatore"]
[Black "Salati, Paolo"]
[Result "0-1"]
[WhiteElo "1671"]
[BlackElo "1865"]
[PlyCount "84"]
[EventDate "2011.10.22"]

1. e4 Nf6 2. e5 Nd5 3. c4 Nb6 4. Nf3 d6 5. d4 Bg4 6. Be2 Nc6 7. exd6 exd6 8.
Nbd2 Be7 9. O-O Bf6 10. Re1 O-O 11. Ne4 Bxf3 12. Nxf6+ Qxf6 13. Bxf3 Qxd4 14.
Bxc6 Qxd1 15. Rxd1 bxc6 16. b3 Rfe8 17. Be3 Nd7 18. Rd2 Re6 19. Rad1 a6 20. Kf1
Rae8 21. h3 Nf6 22. Bd4 Ne4 23. Rd3 h6 24. Be3 Ng3+ 25. fxg3 Rxe3 26. Rxe3 Rxe3
27. Kf2 Re6 28. Rd3 Kf8 29. Re3 Ke7 30. Ke2 Rxe3+ 31. Kxe3 Ke6 32. b4 Ke5 33.
a4 d5 34. Kd3 f5 35. a5 dxc4+ 36. Kxc4 Kd6 37. Kd4 g6 38. h4 c5+ 39. bxc5+ Ke6
40. g4 fxg4 41. g3 h5 42. Ke4 c6 0-1

[Event "XXXIII Festival A"]
[Site "Arco ITA"]
[Date "2011.10.25"]
[Round "4"]
[White "Riepma, Henk"]
[Black "Pieri, Enzo"]
[Result "1-0"]
[WhiteElo "2073"]
[BlackElo "1729"]
[PlyCount "67"]
[EventDate "2011.10.22"]

1. f4 d5 2. Nf3 g6 3. e3 Bg7 4. d4 Nf6 5. Bd3 Ne4 6. O-O Nd7 7. Nbd2 Ndf6 8. c3
O-O 9. Qc2 Nd6 10. Nh4 e6 11. g3 Nf5 12. Ng2 h5 13. e4 dxe4 14. Nxe4 Nd5 15.
Ng5 Nxd4 16. cxd4 Nb4 17. Qc4 Qxd4+ 18. Be3 Qxc4 19. Bxc4 Nc2 20. Rab1 Nxe3 21.
Nxe3 Bd4 22. Kf2 b6 23. Nf3 Bf6 24. Ne5 h4 25. Be2 Bxe5 26. fxe5 hxg3+ 27. Kxg3
Bb7 28. Rbd1 c5 29. Rd7 Bc6 30. Rd6 Rac8 31. Ng4 Kg7 32. Nf6 Rc7 33. Rfd1 g5
34. Rd8 1-0

[Event "XXXIII Festival A"]
[Site "Arco ITA"]
[Date "2011.10.25"]
[Round "4"]
[White "Rizzo, Giuseppe"]
[Black "Benenati, Gianfranco"]
[Result "1/2-1/2"]
[WhiteElo "1732"]
[BlackElo "1800"]
[PlyCount "101"]
[EventDate "2011.10.22"]

1. d4 Nf6 2. Nf3 g6 3. e3 d5 4. c4 c6 5. Nc3 Bg7 6. Be2 O-O 7. O-O Nbd7 8. cxd5
cxd5 9. Ne5 Nxe5 10. dxe5 Ne8 11. f4 e6 12. b3 Nc7 13. Ba3 Re8 14. Nb5 Nxb5 15.
Bxb5 Bd7 16. Qd3 a6 17. Bxd7 Qxd7 18. Rac1 Rec8 19. e4 b5 20. Bc5 Rc7 21. Bd6
Rxc1 22. Rxc1 Qa7+ 23. Kf1 dxe4 24. Qxe4 Rd8 25. Rc7 Qb6 26. Rb7 Qa5 27. a3 Qc3
28. Qb1 Rc8 29. Ke2 Qc6 30. Rb8 Qxg2+ 31. Ke3 Rxb8 32. Bxb8 Bf8 33. Bd6 Qh3+
34. Kd4 Qf3 35. Qe4 Qd1+ 36. Kc5 Qg1+ 37. Qd4 Qc1+ 38. Kb6 Qc8 39. Qc5 Qd8+ 40.
Qc7 Qa8 41. b4 h5 42. Be7 Bh6 43. Bg5 Bf8 44. Qd8 Qf3 45. Be7 Qe3+ 46. Bc5 Qxf4
47. Qxf8+ Kh7 48. Qb8 Qxh2 49. Be7 Qg3 50. Bf6 g5 51. Qf8 1/2-1/2

[Event "XXXIII Festival A"]
[Site "Arco ITA"]
[Date "2011.10.25"]
[Round "4"]
[White "Roessner, Uwe"]
[Black "Gardini, Enrico"]
[Result "0-1"]
[WhiteElo "1909"]
[BlackElo "1822"]
[PlyCount "56"]
[EventDate "2011.10.22"]

1. Nf3 Nf6 2. g3 b6 3. Bg2 Bb7 4. c4 c5 5. O-O e6 6. b3 Be7 7. Bb2 O-O 8. d3
Na6 9. Nbd2 Nc7 10. Qc2 d6 11. a3 Rc8 12. Rfb1 e5 13. b4 Ne6 14. e3 Rc7 15. b5
h6 16. a4 Nh7 17. a5 Nhg5 18. axb6 axb6 19. Ra2 Nxf3+ 20. Nxf3 Ng5 21. Nxg5
Bxg5 22. Rba1 Bxg2 23. Kxg2 Qd7 24. Ra8 Rfc8 25. R1a6 Rb7 26. Qa4 Rbb8 27. R6a7
Rxa8 28. Rxa8 Qb7+ 0-1

[Event "XXXIII Festival A"]
[Site "Arco ITA"]
[Date "2011.10.25"]
[Round "4"]
[White "Romagnoli, Roberto"]
[Black "Del Monaco, Andrea"]
[Result "1-0"]
[WhiteElo "2086"]
[BlackElo "2315"]
[PlyCount "100"]
[EventDate "2011.10.22"]

1. c4 g6 2. Nc3 Bg7 3. g3 d6 4. Bg2 e5 5. d3 f5 6. e3 Nf6 7. Nge2 O-O 8. O-O
Kh8 9. d4 a5 10. b3 Na6 11. dxe5 dxe5 12. Ba3 Nb4 13. Qxd8 Rxd8 14. Rad1 Rf8
15. Rd2 c6 16. Rfd1 e4 17. Na4 Rb8 18. Nb6 Be6 19. Nd4 Bg8 20. Bxb4 axb4 21.
Nc2 c5 22. a3 bxa3 23. Nxa3 Rfe8 24. Nb5 Re6 25. Nd7 Nxd7 26. Rxd7 Ra6 27. Nd6
Rb6 28. Nf7+ Bxf7 29. Rxf7 h5 30. Rdd7 Bf8 31. f3 Rxb3 32. fxe4 Rb1+ 33. Kf2
Rb2+ 34. Kg1 Rb1+ 35. Kf2 Rb2+ 36. Kg1 Bh6 37. Rh7+ Kg8 38. Rxh6 Rb1+ 39. Kf2
Rb2+ 40. Kg1 Rb1+ 41. Bf1 Ra8 42. Rxg6+ Kh8 43. Rh6+ Kg8 44. Rxh5 f4 45. Rg5+
Kh8 46. gxf4 Raa1 47. Rxc5 Rxf1+ 48. Kg2 Rg1+ 49. Kh3 Rae1 50. Rc8+ Rg8 1-0

[Event "XXXIII Festival A"]
[Site "Arco ITA"]
[Date "2011.10.25"]
[Round "4"]
[White "Russo, Carmelo"]
[Black "Giuriato, Sergio"]
[Result "0-1"]
[WhiteElo "1711"]
[BlackElo "1961"]
[PlyCount "88"]
[EventDate "2011.10.22"]

1. d4 Nf6 2. c4 e6 3. Nf3 d5 4. e3 c5 5. Bd3 Nc6 6. O-O cxd4 7. cxd5 exd5 8.
exd4 Be7 9. Nc3 O-O 10. Re1 Bg4 11. Bb1 Re8 12. Be3 Rc8 13. a3 Qb6 14. Na4 Qc7
15. Nc3 Na5 16. Qd3 Qc4 17. Ne5 Qxd3 18. Bxd3 Be6 19. Rac1 Nc4 20. Nxc4 dxc4
21. Be2 Nd5 22. Bf3 Red8 23. Bd2 Kf8 24. Ne4 h6 25. Nc3 Nxc3 26. Bxc3 b5 27.
Rcd1 Bf5 28. d5 Bd6 29. Be5 a5 30. g4 Bd3 31. Rc1 b4 32. a4 Bxe5 33. Rxe5 Re8
34. Rxe8+ Kxe8 35. b3 cxb3 36. Rxc8+ Kd7 37. Rc1 b2 38. Re1 b1=Q 39. Rxb1 Bxb1
40. Bd1 Ba2 41. Bf3 Kd6 42. Kf1 b3 43. Be4 b2 44. Ke1 b1=Q+ 0-1

[Event "XXXIII Festival A"]
[Site "Arco ITA"]
[Date "2011.10.25"]
[Round "4"]
[White "Seebacher, Reinhard"]
[Black "Pegoraro, Nicola"]
[Result "0-1"]
[WhiteElo "1700"]
[BlackElo "2044"]
[PlyCount "112"]
[EventDate "2011.10.22"]

1. e4 c5 2. Nf3 d6 3. Bb5+ Nd7 4. O-O e6 5. Nc3 Ngf6 6. d4 cxd4 7. Nxd4 Be7 8.
Re1 a6 9. Bf1 O-O 10. a4 Qc7 11. a5 Ne5 12. f4 Nc4 13. Nb3 Rd8 14. Bxc4 Qxc4
15. Na4 Rb8 16. Nb6 Qc6 17. Nd4 Qe8 18. Qe2 d5 19. exd5 Nxd5 20. Nxd5 Rxd5 21.
Be3 Bf6 22. Qc4 Bd7 23. c3 Qd8 24. Qa2 Rc8 25. f5 Bxd4 26. Bxd4 Rxf5 27. Bb6
Qg5 28. Re3 Qg6 29. Rg3 Rg5 30. Rxg5 Qxg5 31. Rd1 Bc6 32. b3 h5 33. Qd2 Qxd2
34. Rxd2 f6 35. Rd8+ Rxd8 36. Bxd8 Kf7 37. g3 Bd5 38. b4 e5 39. Kf2 Ke6 40. h4
Kd7 41. Bb6 Kc6 42. Bc5 Kd7 43. Bf8 g6 44. Bc5 Ke6 45. Bb6 Kf5 46. Bd8 g5 47.
Be7 gxh4 48. gxh4 Ke6 49. Bd8 f5 50. Bc7 f4 51. Bb6 Kf5 52. Bc5 Kg4 53. Be7 e4
54. Bg5 e3+ 55. Ke2 Bc4+ 56. Ke1 Kf3 0-1

[Event "XXXIII Festival A"]
[Site "Arco ITA"]
[Date "2011.10.25"]
[Round "4"]
[White "Sigmund, Ingenuin"]
[Black "Marshall, Michael"]
[Result "1-0"]
[WhiteElo "1788"]
[BlackElo "1894"]
[PlyCount "71"]
[EventDate "2011.10.22"]

1. e4 c5 2. Nf3 e6 3. Bb5 a6 4. Be2 Nc6 5. c3 Nf6 6. e5 Nd5 7. O-O d6 8. d4
cxd4 9. c4 Nb6 10. Bf4 d5 11. Nxd4 Nxd4 12. Qxd4 Nxc4 13. Bxc4 dxc4 14. Qxc4
Be7 15. Nc3 O-O 16. Rfd1 Qb6 17. Qe2 Qb4 18. Be3 Qa5 19. Bf4 Rd8 20. Rxd8+ Qxd8
21. Rd1 Bd7 22. Rd3 Qc7 23. Qh5 g6 24. Qh6 Bf8 25. Qh4 Qc4 26. Rxd7 Qc6 27. Rd8
Rxd8 28. Qxd8 Qc5 29. Bh6 Qb4 30. Qxf8+ Qxf8 31. Bxf8 Kxf8 32. f4 Ke7 33. Kf2
h5 34. Ke3 Kd7 35. Kd4 Kc6 36. Ne4 1-0

[Event "XXXIII Festival A"]
[Site "Arco ITA"]
[Date "2011.10.25"]
[Round "4"]
[White "Stella, Andrea"]
[Black "Romanishin, Oleg M."]
[Result "1/2-1/2"]
[WhiteElo "2447"]
[BlackElo "2537"]
[PlyCount "44"]
[EventDate "2011.10.22"]

1. c4 e5 2. g3 Nf6 3. Bg2 d5 4. cxd5 Nxd5 5. Nc3 Nb6 6. Nf3 Nc6 7. O-O Be7 8.
a3 Be6 9. b4 Nd4 10. Rb1 Nxf3+ 11. Bxf3 c6 12. b5 Rc8 13. bxc6 bxc6 14. d3 O-O
15. Bb2 f6 16. Qc2 Qe8 17. a4 a5 18. Ne4 Nd5 19. Nc5 Nb4 20. Qc3 Nd5 21. Qc2
Nb4 22. Qc3 Nd5 1/2-1/2

[Event "XXXIII Festival A"]
[Site "Arco ITA"]
[Date "2011.10.25"]
[Round "4"]
[White "Stolfa, Rodolfo"]
[Black "Burani, Eugenio"]
[Result "0-1"]
[WhiteElo "1812"]
[BlackElo "1932"]
[PlyCount "52"]
[EventDate "2011.10.22"]

1. d4 Nf6 2. c4 c5 3. d5 e6 4. Nc3 exd5 5. cxd5 d6 6. e4 g6 7. Nf3 Bg7 8. Be2
O-O 9. O-O a6 10. Bg5 b5 11. Nd2 Bb7 12. f4 Qb6 13. Kh1 Nbd7 14. Rb1 Rfe8 15.
Bf3 c4 16. Re1 Nc5 17. Re2 Nd3 18. Qf1 h6 19. Bxf6 Bxf6 20. g3 Bd4 21. Nd1 Rac8
22. Rg2 Bxd5 23. Be2 Bxe4 24. Nxe4 Rxe4 25. Bxd3 cxd3 26. Rd2 Rce8 0-1